[Event "Imre Konig Memorial 2nd"]
[Site "San Fransisco"]
[Date "2007.07.25"]
[Round "?"]
[White "Stein, Alan R"]
[Black "Atalik, Suat"]
[Result "0-1"]
[WhiteElo "2412"]
[BlackElo "2564"]
[PlyCount "68"]
[EventDate "2007.07.09"]
[EventType "schev"]
[EventRounds "10"]
[EventCountry "USA"]
[SourceTitle "CBM 119 Extra"]
[Source "ChessBase"]
[SourceDate "2007.09.04"]
[SourceVersion "1"]
[SourceVersionDate "2007.09.04"]
[SourceQuality "1"]

1. e4 e5 2. Nf3 Nc6 3. Bb5 a6 4. Ba4 Nf6 5. 0-0 Be7 6. Re1 b5 7. Bb3 0-0 8. a4 b4 9. d3 d6 10. Nbd2 Na5 11. Ba2 c5 12. c3 Rb8 13. Nc4 Nc6 14. h3 Be6 15. Ng5 Bd7 16. f4 h6 17. Nf3 exf4 18. Bxf4 Be6 19. d4 cxd4 20. cxd4 b3 21. d5 bxa2 22. dxe6 fxe6 23. Rxa2 Nxe4 24. Rxe4 d5 25. Rxe6 Rxf4 26. Rxc6 dxc4 27. Qxd8+ Bxd8 28. Ne5 Bf6 29. Nxc4 Rb4 30. Nd2 Bd4+ 31. Kh1 Rf2 32. b3 Be3 33. Rd6 Re2 34. Rc2 Re1+ 0-1

[Event "Imre Konig Memorial 2nd"]
[Site "San Fransisco"]
[Date "2007.07.24"]
[Round "?"]
[White "Atalik, Suat"]
[Black "Stein, Alan R"]
[Result "1-0"]
[WhiteElo "2564"]
[BlackElo "2412"]
[PlyCount "113"]
[EventDate "2007.07.09"]
[EventType "schev"]
[EventRounds "10"]
[EventCountry "USA"]
[SourceTitle "CBM 119 Extra"]
[Source "ChessBase"]
[SourceDate "2007.09.04"]
[SourceVersion "1"]
[SourceVersionDate "2007.09.04"]
[SourceQuality "1"]

1. d4 Nf6 2. c4 e6 3. Nf3 c5 4. d5 d6 5. Nc3 exd5 6. cxd5 g6 7. Nd2 Bg7 8. e4 0-0 9. Be2 Ne8 10. 0-0 Na6 11. Nc4 f5 12. exf5 Bxf5 13. Bf4 Nac7 14. a4 Qe7 15. Qd2 Rd8 16. Bf3 Rf7 17. Ne3 Bc8 18. Ng4 Bxg4 19. Bxg4 Be5 20. Bg5 Bf6 21. f4 Kh8 22. Rae1 Qf8 23. Be6 Re7 24. f5 Bxg5 25. Qxg5 Qf6 26. Qxf6+ Nxf6 27. fxg6 Kg7 28. gxh7 Nxh7 29. Bf5 Rde8 30. Rd1 Nf6 31. Rd3 Re3 32. Rfd1 Rxd3 33. Bxd3 Re5 34. Bc4 Ng4 35. b3 b6 36. h3 Ne3 37. Rd2 a6 38. Re2 Kf6 39. Kf2 Nexd5 40. Nxd5+ Nxd5 41. Rd2 Ke6 42. g4 b5 43. axb5 axb5 44. Bxb5 Nc3 45. Bd3 d5 46. h4 d4 47. Kf3 Re3+ 48. Kf4 Nd5+ 49. Kg5 Ke5 50. h5 Nf4 51. Bc4 Nh3+ 52. Kh4 Ng1 53. Rd3 Kf4 54. Rxe3 dxe3 55. h6 Nf3+ 56. Kh5 Ng5 57. Be2 1-0

[Event "Imre Konig Memorial 2nd"]
[Site "San Fransisco"]
[Date "2007.07.12"]
[Round "?"]
[White "Fedorowicz, John P"]
[Black "Stein, Alan R"]
[Result "1/2-1/2"]
[WhiteElo "2460"]
[BlackElo "2412"]
[PlyCount "126"]
[EventDate "2007.07.09"]
[EventType "schev"]
[EventRounds "10"]
[EventCountry "USA"]
[SourceTitle "CBM 119 Extra"]
[Source "ChessBase"]
[SourceDate "2007.09.04"]
[SourceVersion "1"]
[SourceVersionDate "2007.09.04"]
[SourceQuality "1"]

1. d4 Nf6 2. c4 e6 3. Nf3 c5 4. d5 d6 5. Nc3 exd5 6. cxd5 g6 7. Nd2 Bg7 8. e4 0-0 9. Be2 Na6 10. 0-0 Ne8 11. Nc4 f5 12. exf5 Bxf5 13. a3 Nac7 14. Bf3 Qd7 15. Ne3 Nb5 16. Nxb5 Qxb5 17. Nxf5 Rxf5 18. Rb1 Nc7 19. b4 c4 20. a4 Qe8 21. Qc2 Rxf3 22. gxf3 c3 23. Bf4 Nxd5 24. Bxd6 Qf7 25. Qd3 Rd8 26. Bg3 h5 27. Rfe1 Kh7 28. Rbd1 Bf6 29. Qc4 Bg5 30. f4 Bf6 31. h3 Qd7 32. Rd3 Qc6 33. Qxc6 bxc6 34. f5 gxf5 35. b5 f4 36. Bh2 cxb5 37. axb5 Kg6 38. Rc1 Kf5 39. Kf1 Ne3+ 40. Ke2 f3+ 41. Kxf3 Rxd3 42. fxe3 Bg5 43. Bg1 Ke5 44. Rc2 Kd5 45. Ra2 Kc4 46. Rxa7 Kxb5 47. Rc7 Kb4 48. Bf2 Kb3 49. Rb7+ Ka2 50. Ra7+ Kb1 51. Rb7+ Kc1 52. h4 Bd8 53. Be1 c2 54. Ke2 Rd6 55. e4 Bb6 56. e5 Re6 57. Bd2+ Kb1 58. Kd3 c1Q 59. Bxc1 Kxc1 60. Ke4 Bf2 61. Rh7 Bxh4 62. Rxh5 Bg3 63. Kd5 Rxe5+ 1/2-1/2

[Event "World op 35th"]
[Site "Philadelphia"]
[Date "2007.07.03"]
[Round "7"]
[White "Bartell, Thomas"]
[Black "Stein, Alan R"]
[Result "1-0"]
[WhiteElo "2389"]
[BlackElo "2412"]
[PlyCount "102"]
[EventDate "2007.06.30"]
[EventType "swiss"]
[EventRounds "9"]
[EventCountry "USA"]
[SourceTitle "CBM 119 Extra"]
[Source "ChessBase"]
[SourceDate "2007.09.04"]
[SourceVersion "1"]
[SourceVersionDate "2007.09.04"]
[SourceQuality "1"]

1. Nf3 Nf6 2. c4 e6 3. g3 b6 4. Bg2 Bb7 5. d4 Bb4+ 6. Nbd2 0-0 7. a3 Bxd2+ 8. Qxd2 Be4 9. b4 c6 10. a4 d5 11. c5 Nbd7 12. 0-0 h6 13. Qc3 Rc8 14. Bf4 Ne8 15. h4 bxc5 16. bxc5 Ndf6 17. Ne5 Bh7 18. Nd3 Ne4 19. Qc1 g5 20. hxg5 hxg5 21. Bxe4 dxe4 22. Bxg5 f6 23. Nf4 fxg5 24. Nxe6 Qf6 25. Nxf8 Kxf8 26. Rb1 Rc7 27. Rb8 Bg6 28. Qe3 Rh7 29. f3 Rf7 30. Rf2 Qe7 31. f4 gxf4 32. Rxf4 Kg7 33. Rh4 Rf5 34. Rxe4 Rf1+ 35. Kxf1 Bxe4 36. Qf4 Nf6 37. Rc8 Kg6 38. Rc7 Qe6 39. g4 Nd5 40. Qd6 Nxc7 41. Qxc7 Qf7+ 42. Qxf7+ Kxf7 43. a5 a6 44. Kf2 Ke6 45. Kg3 Kd5 46. e3 Kc4 47. Kf4 Kd5 48. Kg5 Ke6 49. Kh6 Kf6 50. g5+ Kf5 51. g6 Bd5 1-0

[Event "World op 35th"]
[Site "Philadelphia"]
[Date "2007.06.30"]
[Round "1"]
[White "Spigel, David E"]
[Black "Stein, Alan R"]
[Result "0-1"]
[WhiteElo "2013"]
[BlackElo "2412"]
[PlyCount "46"]
[EventDate "2007.06.30"]
[EventType "swiss"]
[EventRounds "9"]
[EventCountry "USA"]
[SourceTitle "CBM 119 Extra"]
[Source "ChessBase"]
[SourceDate "2007.09.04"]
[SourceVersion "1"]
[SourceVersionDate "2007.09.04"]
[SourceQuality "1"]

1. d4 Nf6 2. c4 e6 3. Nf3 c5 4. d5 d6 5. Nc3 exd5 6. cxd5 g6 7. e4 a6 8. a4 Bg4 9. Qb3 Bxf3 10. Qxb7 Nbd7 11. gxf3 Bg7 12. Bxa6 Rb8 13. Qa7 Qa5 14. Bd2 Rxb2 15. 0-0-0 Rxd2 16. Kxd2 Nxe4+ 17. fxe4 Qxc3+ 18. Ke2 Qc2+ 19. Ke3 Bh6+ 20. f4 Bxf4+ 21. Kf3 Ne5+ 22. Kxf4 Qf2+ 23. Kg5 h6# 0-1

[Event "Western Class-ch 14th"]
[Site "Agoura Hills"]
[Date "2007.01.14"]
[Round "3"]
[White "Sevillano, Enrico"]
[Black "Stein, Alan R"]
[Result "1/2-1/2"]
[WhiteElo "2500"]
[BlackElo "2425"]
[PlyCount "77"]
[EventDate "2007.01.12"]
[EventType "swiss"]
[EventRounds "7"]
[EventCountry "USA"]
[SourceTitle "CBM 116 Extra"]
[Source "ChessBase"]
[SourceDate "2007.03.07"]
[SourceVersion "1"]
[SourceVersionDate "2007.03.07"]
[SourceQuality "1"]

1. e4 e5 2. Nf3 Nc6 3. Bb5 Nf6 4. 0-0 Nxe4 5. Re1 Nd6 6. Nxe5 Nxe5 7. Rxe5+ Be7 8. Bd3 0-0 9. Nc3 c6 10. b3 Ne8 11. Qf3 d5 12. Bb2 Bf6 13. Re2 Nc7 14. Na4 Bxb2 15. Nxb2 Ne6 16. c3 Qg5 17. Rae1 g6 18. Bc2 Bd7 19. d4 Nf4 20. Re5 Rae8 21. Kf1 Qh6 22. Rxe8 Rxe8 23. Rxe8+ Bxe8 24. Qe3 Qxh2 25. Qxe8+ Kg7 26. Ke1 Qg1+ 27. Kd2 Qxf2+ 28. Kd1 Nxg2 29. Qe5+ f6 30. Qe7+ Kh6 31. Kc1 Ne3 32. Bd1 Qe1 33. Qxf6 Qxc3+ 34. Kb1 Nf5 35. Qf8+ Kg5 36. Qd8+ Kh6 37. Qf8+ Kg5 38. Qd8+ Kh6 39. Qf8+ 1/2-1/2

[Event "Western Class-ch 14th"]
[Site "Agoura Hills"]
[Date "2007.01.14"]
[Round "4"]
[White "Yermolinsky, Alex"]
[Black "Stein, Alan R"]
[Result "1-0"]
[WhiteElo "2520"]
[BlackElo "2425"]
[PlyCount "81"]
[EventDate "2007.01.12"]
[EventType "swiss"]
[EventRounds "7"]
[EventCountry "USA"]
[SourceTitle "CBM 116 Extra"]
[Source "ChessBase"]
[SourceDate "2007.03.07"]
[SourceVersion "1"]
[SourceVersionDate "2007.03.07"]
[SourceQuality "1"]

1. Nf3 Nf6 2. c4 b6 3. Nc3 Bb7 4. d4 e6 5. a3 d5 6. cxd5 Nxd5 7. Qc2 Nxc3 8. bxc3 Be7 9. e4 0-0 10. Bd3 c5 11. 0-0 cxd4 12. cxd4 Qc8 13. Qe2 Ba6 14. Rd1 Bxd3 15. Rxd3 Nd7 16. e5 Qe8 17. Bd2 Rc8 18. Re1 Rc2 19. Qe4 Qc8 20. Bg5 Re8 21. h4 Nf8 22. Qg4 Bxg5 23. Nxg5 Rc1 24. Rxc1 Qxc1+ 25. Kh2 Rc8 26. Rf3 Rc7 27. h5 Qd2 28. h6 g6 29. Qf4 Qxf4+ 30. Rxf4 b5 31. Ne4 a5 32. Nf6+ Kh8 33. Ne8 Rd7 34. Nd6 b4 35. axb4 axb4 36. Rf3 Kg8 37. Rb3 f6 38. Rxb4 fxe5 39. dxe5 Rd8 40. Rb7 Nd7 41. Ne4 1-0

[Event "North American op 16th"]
[Site "Las Vegas"]
[Date "2006.12.27"]
[Round "3"]
[White "Stein, Alan R"]
[Black "Landaw, Julian W"]
[Result "1-0"]
[WhiteElo "2471"]
[BlackElo "2289"]
[PlyCount "53"]
[EventDate "2006.12.26"]
[EventType "swiss"]
[EventRounds "9"]
[EventCountry "USA"]
[SourceTitle "CBM 116 Extra"]
[Source "ChessBase"]
[SourceDate "2007.03.07"]
[SourceVersion "1"]
[SourceVersionDate "2007.03.07"]
[SourceQuality "1"]

1. e4 e5 2. Bc4 Nf6 3. d3 Bc5 4. Nf3 d6 5. Nc3 c6 6. 0-0 b5 7. Bb3 Nbd7 8. Ng5 0-0 9. Kh1 h6 10. f4 Qb6 11. fxe5 Nxe5 12. Nxf7 Rxf7 13. Rxf6 gxf6 14. Qh5 Be3 15. Bxf7+ Nxf7 16. Qg6+ Kf8 17. e5 Nxe5 18. Qxf6+ Nf7 19. Bxe3 Qxe3 20. Ne4 Bd7 21. Rf1 Be8 22. Nxd6 Qg5 23. Nxe8 Qxf6 24. Nxf6 Rd8 25. Ne4 Rd5 26. Kg1 c5 27. Nc3 1-0

[Event "Las Vegas National op"]
[Site "Las Vegas"]
[Date "2006.06.16"]
[Round "2"]
[White "Stein, Alan R"]
[Black "Izoria, Zviad"]
[Result "0-1"]
[WhiteElo "2434"]
[BlackElo "2647"]
[PlyCount "108"]
[EventDate "2006.06.16"]
[EventType "swiss"]
[EventRounds "6"]
[EventCountry "USA"]
[SourceTitle "CBM 112 Extra"]
[Source "ChessBase"]
[SourceDate "2006.07.14"]
[SourceVersion "1"]
[SourceVersionDate "2006.07.14"]
[SourceQuality "1"]

1. e4 c5 2. Nf3 d6 3. d4 cxd4 4. Nxd4 Nf6 5. Nc3 Bd7 6. f3 e5 7. Nb3 Be7 8. Be3 0-0 9. Qd2 a5 10. a4 Be6 11. 0-0-0 Nc6 12. Qf2 Nb4 13. Bb5 Qc8 14. Kb1 d5 15. exd5 Nfxd5 16. Nxd5 Bxd5 17. Nc5 Rd8 18. g4 Bc6 19. Rxd8+ Qxd8 20. Bxc6 bxc6 21. Ne4 Qd5 22. Nc3 Qc4 23. Qf1 Qe6 24. Qe2 e4 25. Rd1 exf3 26. Qxf3 Bf8 27. Bb6 Qc4 28. Qe4 Qa6 29. Bc7 Qa7 30. Bg3 Qb7 31. h3 h6 32. b3 g6 33. Be5 Re8 34. Qf4 Qe7 35. Bd4 Bg7 36. Bxg7 Kxg7 37. Kb2 Qe5 38. Rd4 Qxf4 39. Rxf4 Re3 40. Rc4 Rxh3 41. Ne4 h5 42. g5 Rh2 43. Kb1 h4 44. Nd6 h3 45. Ne8+ Kf8 46. Re4 Nd5 47. Kb2 Rf2 48. Nd6 h2 49. Rh4 Nb4 50. Kc3 Rxc2+ 51. Kd4 Rd2+ 52. Kc5 Rd5+ 53. Kb6 Rxd6 54. Rxh2 Rd5 0-1

[Event "Las Vegas Masters"]
[Site "Las Vegas"]
[Date "2006.06.10"]
[Round "2"]
[White "Stein, Alan R"]
[Black "Perelshteyn, Eugene"]
[Result "1-0"]
[WhiteElo "2434"]
[BlackElo "2526"]
[PlyCount "79"]
[EventDate "2006.06.10"]
[EventType "swiss"]
[EventRounds "9"]
[EventCountry "USA"]
[SourceTitle "CBM 112 Extra"]
[Source "ChessBase"]
[SourceDate "2006.07.14"]
[SourceVersion "1"]
[SourceVersionDate "2006.07.14"]
[SourceQuality "1"]

1. e4 c5 2. Nf3 g6 3. d4 cxd4 4. Nxd4 Nc6 5. Nc3 Bg7 6. Be3 Nf6 7. Bc4 0-0 8. Bb3 a5 9. f3 Nxd4 10. Bxd4 d6 11. a4 Be6 12. Nd5 Bxd5 13. exd5 Nd7 14. Bxg7 Kxg7 15. Qd4+ f6 16. 0-0-0 Nc5 17. Rhe1 Rb8 18. Bc4 Nxa4 19. Bb5 Nc5 20. Re3 Rf7 21. Rde1 Rc8 22. Kb1 Kg8 23. h4 Qf8 24. Ra3 b6 25. Rc3 f5 26. Rc4 Qg7 27. c3 Ra8 28. Kc2 Qh6 29. Qf4 Qg7 30. b3 Ra7 31. Qd4 Qh6 32. Ra1 a4 33. Bxa4 b5 34. Rxc5 dxc5 35. Qxc5 Ra8 36. Qxb5 Qxh4 37. Rd1 Rc8 38. Qd3 Qf2+ 39. Rd2 Qc5 40. Bd7 1-0

[Event "USA-ch GpA"]
[Site "San Diego"]
[Date "2006.03.09"]
[Round "7"]
[White "Stein, Alan R"]
[Black "Goletiani, Rusudan"]
[Result "1/2-1/2"]
[WhiteElo "2415"]
[BlackElo "2378"]
[PlyCount "85"]
[EventDate "2006.03.02"]
[EventType "swiss"]
[EventRounds "9"]
[EventCountry "USA"]
[SourceTitle "CBM 112"]
[Source "ChessBase"]
[SourceDate "2006.06.07"]
[SourceVersion "1"]
[SourceVersionDate "2006.06.07"]
[SourceQuality "1"]

1. e4 c5 2. Nf3 e6 3. d4 cxd4 4. Nxd4 a6 5. Nc3 Qc7 6. Bd3 Bd6 7. Qd2 Be7 8. 0-0 Nc6 9. Nxc6 dxc6 10. b3 Nf6 11. Bb2 e5 12. Nd1 Be6 13. Ne3 0-0-0 14. Qe2 h5 15. Bc4 Bxc4 16. Nxc4 Nd7 17. Bc3 Bc5 18. Rad1 f6 19. Rd2 b6 20. Rfd1 Kb7 21. b4 Be7 22. Nd6+ Bxd6 23. Rxd6 Nb8 24. Rxd8 Rxd8 25. Qxh5 Rxd1+ 26. Qxd1 Qf7 27. a4 Qc4 28. Qd3 Qa2 29. h4 Qxa4 30. h5 Qa2 31. Bd2 Qf7 32. Qg3 Nd7 33. c4 Qxh5 34. Qd3 Qf7 35. Qd6 Nb8 36. Be3 Qd7 37. Qf8 Kc7 38. Bxb6+ Kb7 39. f3 Qd2 40. Bf2 Qc1+ 41. Kh2 Qh6+ 42. Kg1 Qc1+ 43. Kh2 1/2-1/2

[Event "Berkeley Masters op"]
[Site "Berkeley"]
[Date "2005.12.21"]
[Round "7"]
[White "Fedorowicz, John P"]
[Black "Stein, Alan R"]
[Result "1/2-1/2"]
[WhiteElo "2502"]
[BlackElo "2422"]
[PlyCount "35"]
[EventDate "2005.12.17"]
[EventType "swiss"]
[EventRounds "9"]
[EventCountry "USA"]
[SourceTitle "CBM 109 Extra"]
[Source "ChessBase"]
[SourceDate "2006.01.03"]
[SourceVersion "2"]
[SourceVersionDate "2006.01.03"]
[SourceQuality "1"]

1. d4 Nf6 2. Nf3 e6 3. c4 b6 4. g3 Ba6 5. b3 Bb4+ 6. Bd2 Be7 7. Nc3 c6 8. e4 d5 9. e5 Ne4 10. Bd3 Nxc3 11. Bxc3 Bb7 12. Qe2 Nd7 13. cxd5 cxd5 14. 0-0 0-0 15. Rfc1 Rc8 16. Bb2 Nb8 17. Rxc8 Qxc8 18. Rc1 1/2-1/2

[Event "Berkeley Masters op"]
[Site "Berkeley"]
[Date "2005.12.19"]
[Round "5"]
[White "Pruess, David"]
[Black "Stein, Alan R"]
[Result "1/2-1/2"]
[WhiteElo "2400"]
[BlackElo "2422"]
[PlyCount "81"]
[EventDate "2005.12.17"]
[EventType "swiss"]
[EventRounds "9"]
[EventCountry "USA"]
[SourceTitle "CBM 109 Extra"]
[Source "ChessBase"]
[SourceDate "2006.01.03"]
[SourceVersion "2"]
[SourceVersionDate "2006.01.03"]
[SourceQuality "1"]

1. d4 d5 2. c4 dxc4 3. Nf3 Nf6 4. e3 e6 5. Bxc4 c5 6. 0-0 a6 7. Nc3 Nc6 8. dxc5 Qxd1 9. Rxd1 Bxc5 10. Ng5 b5 11. Be2 Bb7 12. Nge4 Nxe4 13. Nxe4 Be7 14. Nd6+ Bxd6 15. Rxd6 Ke7 16. Rd1 Rhd8 17. Bd2 f6 18. a3 Rd7 19. Bc3 Rxd1+ 20. Rxd1 Rd8 21. Rc1 Rd7 22. Kf1 e5 23. Bg4 Rd8 24. Bf5 g6 25. Be4 Rc8 26. f4 Nd8 27. Bb4+ Ke6 28. Rxc8 Bxc8 29. g4 f5 30. gxf5+ gxf5 31. Bc2 Bb7 32. Kf2 Bd5 33. Kg3 Nc6 34. Bc3 a5 35. b4 axb4 36. axb4 e4 37. Kh4 Ne7 38. Kg5 Bc4 39. Kh6 Nd5 40. Bd2 Nf6 41. h3 1/2-1/2

[Event "Berkeley Masters op"]
[Site "Berkeley"]
[Date "2005.12.18"]
[Round "4"]
[White "Stein, Alan R"]
[Black "Sarkar, Justin"]
[Result "1-0"]
[WhiteElo "2422"]
[BlackElo "2315"]
[PlyCount "71"]
[EventDate "2005.12.17"]
[EventType "swiss"]
[EventRounds "9"]
[EventCountry "USA"]
[SourceTitle "CBM 109 Extra"]
[Source "ChessBase"]
[SourceDate "2006.01.03"]
[SourceVersion "2"]
[SourceVersionDate "2006.01.03"]
[SourceQuality "1"]

1. e4 c5 2. Nf3 d6 3. Bb5+ Bd7 4. a4 Nc6 5. 0-0 Nf6 6. Qe2 a6 7. Bxc6 Bxc6 8. Nc3 e5 9. d3 b5 10. axb5 axb5 11. Bg5 Be7 12. Rxa8 Qxa8 13. Nh4 b4 14. Nd1 h6 15. Bxf6 Bxf6 16. Nf5 Qd8 17. Nfe3 0-0 18. Nc4 d5 19. exd5 Qxd5 20. Nde3 Qe6 21. Ng4 Bd8 22. Ngxe5 f6 23. Qg4 Qxg4 24. Nxg4 Bc7 25. Ra1 Ra8 26. Rxa8+ Bxa8 27. Nge3 Kf7 28. h4 h5 29. Nd2 Be5 30. Nec4 Bd4 31. Nb3 Bd5 32. Nxd4 cxd4 33. Nd6+ Ke6 34. Ne8 b3 35. cxb3 Kf7 36. Nd6+ 1-0

[Event "Berkeley Masters op"]
[Site "Berkeley"]
[Date "2005.12.18"]
[Round "3"]
[White "Stein, Alan R"]
[Black "Shivaji, Shivkuma"]
[Result "1/2-1/2"]
[WhiteElo "2422"]
[BlackElo "2299"]
[PlyCount "115"]
[EventDate "2005.12.17"]
[EventType "swiss"]
[EventRounds "9"]
[EventCountry "USA"]
[SourceTitle "CBM 109 Extra"]
[Source "ChessBase"]
[SourceDate "2006.01.03"]
[SourceVersion "2"]
[SourceVersionDate "2006.01.03"]
[SourceQuality "1"]

1. e4 e5 2. Nf3 Nc6 3. Bb5 Nf6 4. 0-0 Nxe4 5. d4 Nd6 6. Bxc6 dxc6 7. dxe5 Nf5 8. Qxd8+ Kxd8 9. Nc3 Ke8 10. h3 Be7 11. b3 Nh4 12. Nxh4 Bxh4 13. Re1 a5 14. Bb2 Be6 15. Ne2 a4 16. Nf4 Be7 17. Nh5 g6 18. Nf6+ Kd8 19. Re4 axb3 20. axb3 Rxa1+ 21. Bxa1 Kc8 22. Ra4 Kb8 23. g4 b5 24. Re4 Kb7 25. Re2 Ra8 26. Bd4 Ra2 27. Nxh7 Bxb3 28. e6 Bxe6 29. f4 Bd6 30. Ng5 Bd5 31. Rf2 Ra4 32. c3 Ra1+ 33. Kh2 Ra2 34. Rxa2 Bxf4+ 35. Kg1 Bxa2 36. Ne4 c5 37. Nxc5+ Kc6 38. Nd3 Bd6 39. Nb4+ Bxb4 40. cxb4 Kd5 41. Bc5 Ke4 42. Kf2 Be6 43. Kg3 f5 44. gxf5 gxf5 45. h4 f4+ 46. Kf2 Kf5 47. Bf8 Kg4 48. Bc5 Kxh4 49. Bf8 Kg4 50. Bc5 Kf5 51. Bf8 Ke4 52. Bc5 Bd5 53. Bf8 Kd3 54. Bc5 Kc3 55. Bf8 Kc4 56. Bc5 Be4 57. Bf8 c5 58. Bxc5 1/2-1/2

[Event "Los Angeles USAT West op"]
[Site "Los Angeles"]
[Date "2004.02.15"]
[Round "3"]
[White "Stein, Alan R"]
[Black "Abrahamyan, Tatev"]
[Result "1-0"]
[WhiteElo "2316"]
[BlackElo "2254"]
[PlyCount "113"]
[EventDate "2004.02.14"]
[EventType "swiss"]
[EventRounds "6"]
[EventCountry "USA"]
[SourceTitle "EXT 2009"]
[Source "ChessBase"]
[SourceDate "2008.11.26"]
[SourceVersion "1"]
[SourceVersionDate "2008.11.26"]
[SourceQuality "1"]

1. e4 e6 2. d4 d5 3. Nc3 Bb4 4. e5 c5 5. a3 Bxc3+ 6. bxc3 Ne7 7. Nf3 Nbc6 8. a4 Qa5 9. Bd2 c4 10. g3 Bd7 11. h4 h6 12. Bh3 0-0-0 13. 0-0 Rdg8 14. Qe2 Qd8 15. Kg2 Nf5 16. Rh1 Re8 17. Bc1 Qa5 18. Qd2 f6 19. Re1 fxe5 20. Nxe5 Nxe5 21. Rxe5 Nd6 22. Qe1 Nf7 23. Re3 Qa6 24. Rf3 Nd8 25. Qe5 Nc6 26. Qd6 Re7 27. Bf4 Qa5 28. Rb1 a6 29. Rb5 axb5 30. axb5 e5 31. bxc6 Bxh3+ 32. Kxh3 Qc7 33. cxb7+ Qxb7 34. Bxe5 Qd7+ 35. Qxd7+ Kxd7 36. h5 Ra8 37. Rf4 Ra7 38. Rg4 Ke8 39. Rg6 Red7 40. f4 Rf7 41. Kg4 Kf8 42. Rc6 Ke8 43. Rc8+ Ke7 44. Rc5 Rd7 45. Kh4 Ke8 46. g4 Kd8 47. g5 hxg5+ 48. Kxg5 Rfe7 49. f5 Ke8 50. Kg6 Ra7 51. f6 gxf6 52. Bxf6 Re2 53. Rxd5 Rg2+ 54. Bg5 Ra6+ 55. Kg7 Ra7+ 56. Kg8 Rd7 57. Re5+ 1-0

[Event "San Francisco Universe op-A"]
[Site "San Francisco"]
[Date "1997.??.??"]
[Round "?"]
[White "Stearns, Aaron"]
[Black "Stein, Alan R"]
[Result "0-1"]
[WhiteElo "2240"]
[BlackElo "2280"]
[PlyCount "44"]
[EventDate "1997.07.21"]
[EventType "swiss"]
[EventRounds "6"]
[EventCountry "USA"]
[SourceTitle "EXT 2024"]
[Source "ChessBase"]
[SourceDate "2023.10.10"]
[SourceVersion "1"]
[SourceVersionDate "2023.10.10"]
[SourceQuality "1"]

1. e4 c5 2. d4 cxd4 3. Nf3 d6 4. Qxd4 Nc6 5. Bb5 Bd7 6. Bxc6 Bxc6 7. Nc3 Nf6 8. Bg5 e6 9. 0-0-0 Be7 10. Qd3 0-0 11. Nd4 Qa5 12. f4 Rac8 13. h4 Rfe8 14. f5 Qe5 15. Nf3 Qa5 16. Nd4 Qe5 17. Rde1 h6 18. Bd2 Ng4 19. Rhf1 Bf6 20. Nf3 Qc5 21. fxe6 Rxe6 22. Nd5 Bb5 0-1

[Event "National op"]
[Site "Las Vegas"]
[Date "1997.??.??"]
[Round "3"]
[White "Stein, Alan R"]
[Black "Andrews, Todd D"]
[Result "1-0"]
[WhiteElo "2365"]
[BlackElo "2135"]
[PlyCount "69"]
[EventDate "1997.08.03"]
[EventType "swiss"]
[EventRounds "6"]
[EventCountry "USA"]
[SourceTitle "CBM 058 Extra"]
[Source "ChessBase"]
[SourceDate "1997.07.29"]
[SourceVersion "1"]
[SourceVersionDate "1997.07.29"]
[SourceQuality "1"]

1. e4 e6 2. d4 d5 3. Nc3 Bb4 4. e5 c5 5. a3 Bxc3+ 6. bxc3 Ne7 7. Nf3 Bd7 8. a4 Qa5 9. Bd2 Nbc6 10. Bb5 a6 11. Bd3 Qc7 12. 0-0 0-0-0 13. Re1 c4 14. Bf1 f5 15. Ng5 Rdf8 16. h4 h6 17. Nh3 Be8 18. Be2 Nd8 19. Qc1 Rfg8 20. Qa3 Rh7 21. Reb1 Bg6 22. Ra2 Be8 23. Rab2 g6 24. Rb6 Bc6 25. Qb4 Kd7 26. Qa3 Nc8 27. R6b2 Rhg7 28. Bxh6 Rh7 29. Bg5 Nf7 30. Bf6 Qa5 31. Bf3 b5 32. Nf4 Qxa4 33. Qc5 Qa5 34. Nxe6 Kxe6 35. Qxc6+ 1-0